...

NIRU LIBRARY

Breaking backbones : (Record no. 509)

MARC details
000 -LEADER
fixed length control field 00602nam a22002057a 4500
003 - CONTROL NUMBER IDENTIFIER
control field OSt
005 - DATE AND TIME OF LATEST TRANSACTION
control field 20230707090856.0
008 - FIXED-LENGTH DATA ELEMENTS--GENERAL INFORMATION
fixed length control field 230707b |||||||| |||| 00| 0 eng d
020 ## - INTERNATIONAL STANDARD BOOK NUMBER
International Standard Book Number 9781665701082
040 ## - CATALOGING SOURCE
Transcribing agency NIRUC
Modifying agency NIRUC
050 ## - LIBRARY OF CONGRESS CALL NUMBER
Classification number HV 6773.15.C97
Item number . R33 2021
100 ## - MAIN ENTRY--PERSONAL NAME
Personal name Radcliff, Deb
Relator term author.
245 ## - TITLE STATEMENT
Title Breaking backbones :
Remainder of title information is power: Book 1 of the hacker trilogy /
Statement of responsibility, etc. by, Deb Radcliff.
260 ## - PUBLICATION, DISTRIBUTION, ETC.
Place of publication, distribution, etc. Bloomington :
Name of publisher, distributor, etc. Archway Publishing,
Date of publication, distribution, etc. 2021.
300 ## - PHYSICAL DESCRIPTION
Extent 181p, :
Dimensions 22 cm.
650 ## - SUBJECT ADDED ENTRY--TOPICAL TERM
Source of heading or term Computer crime
650 ## - SUBJECT ADDED ENTRY--TOPICAL TERM
Source of heading or term Cyberterrorism
650 ## - SUBJECT ADDED ENTRY--TOPICAL TERM
Source of heading or term Murder
942 ## - ADDED ENTRY ELEMENTS (KOHA)
Source of classification or shelving scheme Library of Congress Classification
Koha item type Books
Suppress in OPAC No
Holdings
Withdrawn status Lost status Source of classification or shelving scheme Damaged status Not for loan Home library Current library Shelving location Date acquired Total checkouts Full call number Barcode Date last seen Price effective from Koha item type
    Library of Congress Classification     NIRU LIBRARY NIRU LIBRARY On display 07/07/2023   HV 6773.15.C97. R33 2023-1242 07/07/2023 07/07/2023 Books
    Library of Congress Classification     NIRU LIBRARY NIRU LIBRARY On display 07/07/2023   HV 6773.15.C97. R33 2023-1243 07/07/2023 07/07/2023 Books
Copyright © 2025&6. National Intelligence and Research University. All Rights Reserved.